|
|
|
|
| LEADER |
00000cam a2200000 7i4500 |
| 001 |
0000005061 |
| 002 |
000005455 |
| 005 |
20000330.0 |
| 020 |
|
|
|a 0021084963
|
| 090 |
0 |
0 |
|a 510.7
|b MAT
|
| 245 |
0 |
0 |
|a Mathematics in action
|c Alan R. Hoffer...[et al.]
|
| 260 |
|
|
|a New York :
|b Macmillan ,
|c 1992
|
| 300 |
|
|
|a 598p. :
|b ill. ;
|c 25cm.
|
| 650 |
0 |
0 |
|a Mathematics
|
| 650 |
0 |
0 |
|a Mathematic
|x Study and teaching
|
| 700 |
1 |
|
|a Hoffer, Alan R
|
| 700 |
1 |
|
|a Johnson, Martin L
|
| 999 |
|
|
|a 000000029
|b BUKU
|c PINJAMAN
|e PERPUSTAKAAN KOMUNITI PETALING JAYA
|
| 999 |
|
|
|a 037589
|b BUKU
|c PINJAMAN
|e PERPUSTAKAAN KOMUNITI PETALING JAYA
|
| 999 |
|
|
|a 037590
|b BUKU
|c PINJAMAN
|e PERPUSTAKAAN KOMUNITI PETALING JAYA
|